| 000 | 00803nac a22002171u 4500 | ||
|---|---|---|---|
| 020 | _a1872962130 (pbk) : | ||
| 082 |
_a657.74 21 _bF221 |
||
| 090 |
_c4686 _d4686 |
||
| 100 | _aFardon, Michael, | ||
| 245 |
_aPayroll accounting: tutorial : _bNVQ level 2 accounting _cMichael Fardon ; consultants: Roger Petheram, McKnight Winwood & Co. |
||
| 260 |
_aWorcester _b Osborne,c1998. _cc1998. |
||
| 300 |
_a154 p. _c25 cm. |
||
| 500 | _aIncludes index. | ||
| 650 | _aWages | ||
| 650 | _aAccounting. | ||
| 650 | _aNational Vocational Qualifications (Great Britain) | ||
| 650 | _aStudy guides. | ||
| 700 | _aPetheram, Roger. | ||
| 942 |
_cBB _k657.74 21F221 |
||
| 999 |
_c4686 _d4686 |
||